000 00762nam a2200253 a 4500
001 2145
003 BD-RjUL
005 20211208233507.0
008 131210s1996 ii a b 001 0 eng d
020 _a8173911193
035 _a(BD-RjUL)2172
035 _a(BD-RjUL)
040 _aANL
_beng
_cANL
_dANL:NR
_dBD-RjUL
041 _aeng
082 0 4 _a337
_223
_bSIP 1996
100 1 _aSingh, Jagmohan,
_d1952-
_97034
245 1 0 _aPolitics of economic relations and globalisation /
_cJagmohan Singh.
260 _aNew Delhi :
_bKanishka,
_c1996.
300 _aiv, 267 p. :
_bill ;
_c22 cm.
504 _aIncludes bibliographical references and index.
650 0 _aWorld politics
_y1945-
_97035
650 0 _aInternational economic relations.
_9460
942 _2ddc
_cBK
999 _c2145
_d2145